|
|
|
|
| LEADER |
01113nam a22002657a 4500 |
| 001 |
40391 |
| 003 |
BD-DhAAL |
| 005 |
20230227121547.0 |
| 008 |
230227r20081971ii ||||| |||| 00| 0 ben d |
| 020 |
|
|
|a 8170666325
|
| 040 |
|
|
|a BD-DhAAL
|
| 041 |
|
|
|a ben
|
| 082 |
|
|
|a 891.443
|2 23
|
| 100 |
|
|
|a ঘোষ, সাগরময়
|9 46600
|
| 245 |
|
|
|a একটি পেরেকের কাহিনী /
|c সাগরময় ঘোষ
|
| 260 |
|
|
|a কলকাতা :
|b আনন্দ পাবলিশার্স,
|c ১৯৭১ [২০০৮ চতু্র্দশ মুদ্রণ]
|
| 300 |
|
|
|a ৭৭ পৃষ্ঠা ;
|b ২২ সে.মি.
|
| 541 |
|
|
|a Akbar Ali Khan Collections
|e 40391
|
| 546 |
|
|
|a A novel in Bengali
|
| 600 |
|
|
|a Roy Bidhan Chandra,
|d 1882-1962
|9 53750
|
| 650 |
|
|
|a Bengali fiction.
|
| 650 |
|
|
|a Bengali literature.
|
| 942 |
|
|
|2 ddc
|c BK
|
| 999 |
|
|
|c 45532
|d 45532
|
| 952 |
|
|
|0 0
|1 0
|2 ddc
|4 0
|6 891_443000000000000_GHO
|7 1
|9 73294
|a BRACUL
|b BRACUL
|c AAKC
|d 2023-02-27
|e Donated by Akbar Ali Khan
|g 60.00
|l 0
|o 891.443 GHO
|p 3010040391
|r 2023-02-27
|t 1
|w 2023-02-27
|y BK
|x Price available in book
|